Statistiques concernant Les préfectures des 8 départements de la région Ile de France

Cliquez ici pour prendre le quiz!

Statistiques générales

  • Ce quiz a été pris 125 fois
  • Le résultat moyen est 7 sur 8

Statistiques - réponses

DépartementPréfecture% Correct
75Paris
100%
78Versailles
90%
92Nanterre
86%
94Créteil
86%
91Evry
83%
77Melun
82%
93Bobigny
74%
95Cergy-Pontoise
72%

Distribution des résultats

Percentile par nombre de réponses

% des personnes avec chaque résultat

Votre développement - résultats

Vous n’avez pas pris ce quiz